A Textbook of Engineering Chemistry (Record no. 565762)

000 -LEADER
fixed length control field 00361nam a2200133Ia 4500
008 - FIXED-LENGTH DATA ELEMENTS--GENERAL INFORMATION
fixed length control field 210430s9999 xx 000 0 und d
020 ## - INTERNATIONAL STANDARD BOOK NUMBER
International Standard Book Number 9788121903592
082 ## - DEWEY DECIMAL CLASSIFICATION NUMBER
Classification number D2121A
100 ## - MAIN ENTRY--PERSONAL NAME
Personal name Dara, S.S.
9 (RLIN) 6458
245 #2 - TITLE STATEMENT
Title A Textbook of Engineering Chemistry
Statement of responsibility, etc. Dara, S.S.
260 ## - PUBLICATION, DISTRIBUTION, ETC.
Place of publication, distribution, etc. New Dehli.
Name of publisher, distributor, etc. S. Chand & Company.
Date of publication, distribution, etc. 1986
300 ## - PHYSICAL DESCRIPTION
Extent 972p.
942 ## - ADDED ENTRY ELEMENTS (KOHA)
Koha item type Reference
Source of classification or shelving scheme
Holdings
Withdrawn status Lost status Source of classification or shelving scheme Damaged status Not for loan Permanent Location Current Location Shelving location Date acquired Total Checkouts Full call number Barcode Date last seen Date last checked out Price effective from Koha item type
          School of Chemical & Materials Engineering (SCME) School of Chemical & Materials Engineering (SCME) Reference 08/24/2022 1 D2121A SCME-4711 08/24/2022 08/24/2022 04/30/2021 Reference
© 2023 Central Library, National University of Sciences and Technology. All Rights Reserved.